Bajtin en la República Federal de Alemania : a propósito de un simposio de un libro /
محفوظ في:
| المؤلف الرئيسي: | |
|---|---|
| التنسيق: | غير معروف |
| اللغة: | Spanish |
| الموضوعات: | |
| الوسوم: |
إضافة وسم
لا توجد وسوم, كن أول من يضع وسما على هذه التسجيلة!
|
MARC
| LEADER | 000000000a22000000004500 | ||
|---|---|---|---|
| 001 | 005975 | ||
| 041 | 0 | |a spa | |
| 100 | 1 | |a Gómez Moriana, Antonio | |
| 245 | 1 | 0 | |a Bajtin en la República Federal de Alemania : |b a propósito de un simposio de un libro / |c Antonio Gómez Moriana. |
| 650 | 4 | |a BAJTIN, MIJAIL MIJAILOVICH, 1895-1975 | |
| 650 | 4 | |a SOCIOCRÍTICA | |
| 773 | 0 | |x 01853082 |d México : Universidad Autónoma de México |t Acta poética |g número 7 (1987), páginas 5-23 | |
| 942 | |c ARC | ||
| 999 | |c 12631 |d 12631 | ||
